000 00582nam a2200181 4500
008 030303s1980 us eng
020 _a0840757441
090 _aBS2325
_bP58
100 1 _aPickering, Wilbur N.
245 1 0 _aThe identity of the New Testament text /
_cWilbur N. Pickering.
250 _arev. ed.
260 _aNashville :
_bThomas Nelson,
_cc1980.
300 _a249 p.
650 4 _aBible. N.T.
_xCriticism, interpretation, etc.
650 4 _aBible. N.T.
_xTranslation.
950 0 _5.95
951 _p7238
_x00002143
_oBS2325/P58
_j070613111217109
_d2000-12-21
_cGC
999 _c14604
_d14604